[Event "4NCL/Div1/3CS1 vs. AD1"]
[Site "Nottingham ENG"]
[Date "2005.01.23"]
[Round "6.1"]
[White "Davies, Nigel R"]
[Black "Mestel, A Jonathan"]
[Result "1/2-1/2"]
[WhiteElo "2523"]
[BlackElo "2499"]
[PlyCount "34"]
[EventDate "2005.01.23"]
[SourceDate "2004.09.21"]

1. d4 g6 2. e4 d6 3. Nf3 Bg7 4. c3 Nf6 5. Bd3 O-O 6. O-O Nc6 7. Re1 e5 8. dxe5
Nxe5 9. Nxe5 dxe5 10. a4 a5 11. Na3 Nd7 12. b4 Nb6 13. Nc4 axb4 14. Nxb6 cxb6
15. cxb4 Qd4 16. Be3 Qxb4 17. Bb5 Be6 1/2-1/2

[Event "4NCL/Div1/3CS1 vs. AD1"]
[Site "Nottingham ENG"]
[Date "2005.01.23"]
[Round "6.2"]
[White "Richardson, John R"]
[Black "Gordon, Stephen J"]
[Result "1/2-1/2"]
[WhiteElo "2309"]
[BlackElo "2364"]
[PlyCount "36"]
[EventDate "2005.01.23"]
[SourceDate "2004.09.21"]

1. d4 d5 2. Nf3 Nf6 3. c4 c6 4. e3 a6 5. b3 Bg4 6. Be2 e6 7. O-O Nbd7 8. Bb2
Bd6 9. Ne5 Bxe2 10. Qxe2 Qc7 11. f4 Ne4 12. Nc3 Nxc3 13. Bxc3 Nf6 14. Bb2 O-O
15. Nf3 Ne4 16. c5 Be7 17. b4 a5 18. a3 b5 1/2-1/2

[Event "4NCL/Div1/3CS1 vs. AD1"]
[Site "Nottingham ENG"]
[Date "2005.01.23"]
[Round "6.3"]
[White "Ashton, Adam G"]
[Black "Snape, Ian"]
[Result "1/2-1/2"]
[WhiteElo "2299"]
[BlackElo "2256"]
[PlyCount "67"]
[EventDate "2005.01.23"]
[SourceDate "2004.09.21"]

1. e4 c5 2. Nf3 d6 3. Bc4 g6 4. O-O Bg7 5. c3 Nf6 6. d3 Nc6 7. Bb3 O-O 8. Re1
e5 9. Be3 h6 10. h3 b6 11. d4 Qc7 12. Nbd2 Bb7 13. dxe5 dxe5 14. Nh2 Na5 15.
Bc2 Kh7 16. Qf3 Nh5 17. Qe2 Nf4 18. Bxf4 exf4 19. Nhf3 Rae8 20. Rad1 Re7 21.
Nc4 Ba6 22. Bd3 Bxc4 23. Bxc4 Nxc4 24. Qxc4 f5 25. exf5 Rxf5 26. Rxe7 Qxe7 {(=)
} 27. Re1 Qf7 28. Qa4 c4 29. Qc6 Qd5 30. Qc8 Rf8 31. Qc7 Rf7 32. Qc8 Rf8 33.
Qc7 Rf7 34. Qc8 1/2-1/2

[Event "4NCL/Div1/3CS1 vs. AD1"]
[Site "Nottingham ENG"]
[Date "2005.01.23"]
[Round "6.4"]
[White "Lyell, Mark"]
[Black "Clarke, Stuart W"]
[Result "1-0"]
[WhiteElo "2230"]
[BlackElo "2303"]
[PlyCount "61"]
[EventDate "2005.01.23"]
[SourceDate "2004.09.21"]

1. e4 e5 2. Nc3 Nf6 3. f4 d5 4. fxe5 Nxe4 5. Qf3 Nxc3 6. dxc3 Be6 7. Qg3 c5 8.
Bb5+ Nc6 9. Bxc6+ bxc6 10. Nf3 h6 11. O-O Qd7 12. Be3 Be7 13. a4 Bf5 14. Qf2
Rb8 15. Nd2 Bg6 16. Nb3 d4 17. cxd4 c4 18. Nc5 Bxc5 19. dxc5 Rxb2 20. Rad1 Qg4
21. Rd4 Qe6 22. Rd6 Qg4 23. e6 f6 24. h3 Qe4 25. Qg3 O-O 26. Rf4 Qe5 27. Bd4
Rb1+ 28. Kh2 Qe1 29. Qxg6 Qh1+ 30. Kg3 Qe1+ 31. Rf2 1-0

[Event "4NCL/Div1/3CS1 vs. AD1"]
[Site "Nottingham ENG"]
[Date "2005.01.23"]
[Round "6.5"]
[White "James, Dale R"]
[Black "Anderton, David"]
[Result "0-1"]
[WhiteElo "2199"]
[BlackElo "2248"]
[PlyCount "116"]
[EventDate "2005.01.23"]
[SourceDate "2004.09.21"]

1. e4 e6 2. d4 d5 3. Nc3 Nf6 4. e5 Nfd7 5. f4 c5 6. Nf3 Nc6 7. Ne2 Be7 8. c3
O-O 9. g3 cxd4 10. Nexd4 Nc5 11. Be3 a6 12. Bh3 Ne4 13. O-O Na5 14. Qc2 Nc4 15.
Rae1 Nxe3 16. Rxe3 Bc5 17. Kh1 Bd7 18. Ree1 g6 19. g4 Rc8 20. Qg2 Kh8 21. g5 b5
22. Nb3 Be7 23. Nfd2 Nxd2 24. Qxd2 a5 25. Bg2 b4 26. Re3 bxc3 27. bxc3 a4 28.
Nd4 Qa5 29. Rh3 Rc4 30. Rff3 Rb8 31. Bf1 Rb1 32. Kg2 Rxd4 33. Qxd4 Rb2+ 34. Kh1
Bc5 35. Qd1 Bc6 36. Bg2 d4 37. cxd4 Bxf3 38. Rxf3 Rd2 39. Qb1 Bxd4 40. a3 Rb2
41. Qe4 Qb6 42. Rf1 Rb3 43. Qa8+ Kg7 44. Qxa4 Bc5 45. h4 Bxa3 46. Kh2 Bb2 47.
Qc4 Rc3 48. Qe2 Bc1 49. h5 Qd4 50. h6+ Kf8 51. Qf2 Be3 52. Qh4 Rc4 53. Kg3 Rc2
54. Kh3 Rc4 55. Kg3 Bg1 56. Qg4 Rc3+ 57. Rf3 Rc2 58. Rb3 Rxg2+ 0-1

[Event "4NCL/Div1/3CS1 vs. AD1"]
[Site "Nottingham ENG"]
[Date "2005.01.23"]
[Round "6.6"]
[White "Wheeler, Darren P"]
[Black "Bentley, John L"]
[Result "0-1"]
[WhiteElo "2239"]
[BlackElo "2216"]
[PlyCount "94"]
[EventDate "2005.01.23"]
[SourceDate "2004.09.21"]

1. e4 g6 2. d4 Bg7 3. c4 d6 4. Nc3 Nf6 5. f3 O-O 6. Be3 c5 7. dxc5 dxc5 8. Bxc5
Nc6 9. Be3 Qa5 10. Qc1 Nd7 11. Bd2 Nc5 12. Nd5 Qd8 13. Bc3 Ne5 14. Qe3 Na4 15.
O-O-O e6 16. Bxe5 Bxe5 17. Nc3 Qc7 18. Nge2 Nxc3 19. bxc3 Qxc4 20. f4 Bg7 21.
Kb1 Bd7 22. e5 Rfd8 23. Ng3 Qa4 24. Rd4 Qa5 25. Ne4 Rac8 26. Be2 Bc6 27. Nd6
Bxg2 28. Nxc8 Bxh1 29. Rxd8+ Qxd8 30. Nxa7 Bf8 31. Nb5 Qd5 32. Nd4 Qe4+ 33.
Qxe4 Bxe4+ 34. Kb2 Bh6 35. Bf3 Bxf3 36. Nxf3 Bxf4 37. Kc2 g5 38. h3 h5 39. Kd3
g4 40. hxg4 hxg4 41. Ne1 Bxe5 42. c4 Kf8 43. Ke4 Bd6 44. Kd4 Ke7 45. c5 Bc7 46.
a4 Kd7 47. Kc4 f5 0-1

[Event "4NCL/Div1/3CS1 vs. AD1"]
[Site "Nottingham ENG"]
[Date "2005.01.23"]
[Round "6.7"]
[White "Walton, Alan J"]
[Black "Bellin, Jana"]
[Result "1-0"]
[WhiteElo "2181"]
[BlackElo "2184"]
[PlyCount "119"]
[EventDate "2005.01.23"]
[SourceDate "2004.09.21"]

1. d4 Nf6 2. Bg5 e6 3. e4 h6 4. Bxf6 Qxf6 5. c3 d6 6. Nd2 Nd7 7. Ngf3 g6 8. Be2
Bg7 9. O-O O-O 10. Re1 e5 11. Nf1 Re8 {(=)} 12. Qc2 Nf8 13. dxe5 dxe5 14. Ne3
c6 15. b4 Qe7 16. Rad1 Ne6 17. g3 Ng5 18. Nxg5 hxg5 19. Rd2 Be6 20. Red1 Red8
21. Bc4 Bf6 22. Rxd8+ Rxd8 23. Rxd8+ Qxd8 24. Bxe6 fxe6 25. Kg2 b5 26. Qe2 Qd6
27. Ng4 Bd8 28. Qe3 a6 29. Qa7 Qd3 30. Nh6+ Kh8 31. Qf7 Qxe4+ 32. Kh3 g4+ 33.
Nxg4 Qd3 34. Nxe5 Qf1+ 35. Kg4 Qe2+ 36. Nf3 Qe4+ 37. Qf4 Qf5+ 38. Qxf5 exf5+
39. Kf4 Bc7+ 40. Kg5 Kg7 41. Nd4 Bd8+ 42. Kf4 Bc7+ 43. Kf3 Be5 44. Ke3 Kf6 45.
f4 Bc7 46. Nxc6 Ke6 47. Kd3 Bb6 48. c4 bxc4+ 49. Kxc4 Bg1 50. Nd4+ Kd6 51. a4
Be3 52. Nf3 Ke6 53. a5 Bf2 54. Nd4+ Kd6 55. b5 axb5+ 56. Nxb5+ Kc6 57. Nd4+ Kb7
58. Kd5 Ka6 59. Nf3 Kxa5 60. Ke5 1-0

[Event "4NCL/Div1/3CS1 vs. AD1"]
[Site "Nottingham ENG"]
[Date "2005.01.23"]
[Round "6.8"]
[White "Wallace, Paul"]
[Black "Martin, Katie"]
[Result "1-0"]
[WhiteElo "2172"]
[BlackElo "1960"]
[PlyCount "49"]
[EventDate "2005.01.23"]
[SourceDate "2004.09.21"]

1. e4 e5 2. Nf3 Nf6 3. Nxe5 d6 4. Nf3 Nxe4 5. Nc3 Nxc3 6. dxc3 Be7 7. Bf4 Nc6
8. Qd2 Bf5 9. O-O-O Qd7 10. Re1 O-O-O 11. Bb5 Bf6 12. Nd4 Bxd4 13. cxd4 d5 14.
Re3 a6 15. Bxc6 bxc6 16. Qa5 Rde8 17. Qxa6+ Kd8 18. Qa8+ Qc8 19. Qxc6 Be6 20.
Rc3 Re7 21. Ra3 Bd7 22. Qxd5 c6 23. Qc5 Be6 24. Re1 Rd7 25. c4 1-0

[Event "4NCL/Div1/WGR1 vs. BAR1"]
[Site "Nottingham ENG"]
[Date "2005.01.23"]
[Round "6.1"]
[White "McShane, Luke"]
[Black "Parker, Jonathan"]
[Result "1-0"]
[WhiteElo "2614"]
[BlackElo "2537"]
[PlyCount "77"]
[EventDate "2005.01.23"]
[SourceDate "2004.09.21"]

1. e4 e5 2. Nf3 Nc6 3. Bb5 Nf6 4. d3 d6 5. O-O Bd7 6. Re1 Be7 7. c3 O-O 8. Ba4
h6 9. Nbd2 Nh7 10. d4 Bf6 11. Nf1 exd4 12. cxd4 Bg4 13. Bxc6 bxc6 14. Qa4 Re8
15. Ng3 Nf8 16. Be3 Bd7 17. Qa5 Ng6 18. Rac1 Rb8 19. b3 Be7 20. Rc2 Rb7 21.
Rec1 Qb8 22. Qd2 Rb5 23. Ne1 a5 24. Nd3 Qa8 25. f3 Bf8 26. f4 f5 27. exf5 Ne7
28. f6 gxf6 29. f5 Kh7 30. Nh5 Ng8 31. Ndf4 Qa6 32. d5 c5 33. Ne6 Qb7 34. Qd1
Rb4 35. Rc4 Bb5 36. Rxb4 axb4 37. Qg4 Rxe6 38. dxe6 Be8 39. e7 1-0

[Event "4NCL/Div1/WGR1 vs. BAR1"]
[Site "Nottingham ENG"]
[Date "2005.01.23"]
[Round "6.2"]
[White "Kelly, Brian"]
[Black "Gormally, Daniel W"]
[Result "1/2-1/2"]
[WhiteElo "2497"]
[BlackElo "2472"]
[PlyCount "106"]
[EventDate "2005.01.23"]
[SourceDate "2004.09.21"]

1. c4 c5 2. Nc3 Nc6 3. g3 g6 4. Bg2 Bg7 5. a3 e6 6. Rb1 Nge7 7. b4 d5 8. cxd5
Nxd5 9. Nxd5 exd5 10. bxc5 O-O 11. Nf3 Qa5 12. O-O Qxc5 13. d4 Qe7 14. e3 b6
15. a4 Ba6 16. Re1 Rac8 17. Qb3 Rfd8 18. Bd2 Bc4 19. Qb2 Rb8 20. Bc3 a6 21. Nd2
Bd3 22. Ra1 b5 23. axb5 axb5 24. Ba5 Nxa5 25. Rxa5 Rbc8 26. Rc1 Rxc1+ 27. Qxc1
Qb4 28. Ra7 Bf5 29. Rc7 Bf8 30. Bf3 h5 31. h4 Be6 32. Rc6 Ra8 33. Kg2 Ra2 34.
Rc2 Qa4 35. Rxa2 Qxa2 36. Bd1 Bb4 37. Nb3 Bf5 38. Qa1 Be4+ 39. Kg1 Qxa1 40.
Nxa1 Bd3 41. Nb3 Kf8 42. Nc1 Bc4 43. Bc2 Ke7 44. Kg2 Bd6 45. Nb3 Kd7 46. Kf3
Bb4 47. Kg2 Kc6 48. Kf3 Bd6 49. Kg2 Be2 50. Nc1 Bg4 51. Kf1 b4 52. Ba4+ Kc7 53.
Bb3 Kc6 1/2-1/2

[Event "4NCL/Div1/WGR1 vs. BAR1"]
[Site "Nottingham ENG"]
[Date "2005.01.23"]
[Round "6.3"]
[White "Lalic, Bogdan"]
[Black "Ferguson, Mark"]
[Result "1/2-1/2"]
[WhiteElo "2520"]
[BlackElo "2395"]
[PlyCount "93"]
[EventDate "2005.01.23"]
[SourceDate "2004.09.21"]

1. d4 d5 2. c4 c6 3. Nc3 Nf6 4. e3 a6 5. Qc2 g6 6. Bd3 Bg7 7. Nf3 O-O 8. Bd2
Nbd7 9. cxd5 cxd5 10. O-O Nb6 11. a4 Bg4 12. Ne5 Rc8 13. a5 Nc4 14. Bxc4 dxc4
15. Nxg4 Nxg4 16. h3 Nf6 17. Na4 Nd7 18. Bb4 Re8 19. Rfd1 Qc7 20. Nc5 Nxc5 21.
Bxc5 e5 22. Bb6 Qd6 23. Ra4 exd4 24. Bxd4 Qc7 25. Bxg7 Kxg7 26. Qc3+ Kg8 27.
Rd4 Qe5 28. g4 Qf6 29. Raxc4 Rxc4 30. Qxc4 Qf3 31. Rf4 Qd1+ 32. Kg2 Qd7 33. Rd4
Qe7 34. b4 Rd8 35. Qc5 Qe8 36. Rxd8 Qxd8 37. g5 Qd7 38. e4 Qe6 39. Qd4 Qe7 40.
h4 Qe6 41. Kg3 Qe7 42. e5 Qc7 43. Qc5 Qd7 44. Qd6 Qc8 45. Qc5 Qd7 46. Qd6 Qc8
47. Qc5 1/2-1/2

[Event "4NCL/Div1/WGR1 vs. BAR1"]
[Site "Nottingham ENG"]
[Date "2005.01.23"]
[Round "6.5"]
[White "Arakhamia-Grant, Ketevan"]
[Black "Collinson, Adam"]
[Result "1-0"]
[WhiteElo "2454"]
[BlackElo "2385"]
[PlyCount "63"]
[EventDate "2005.01.23"]
[SourceDate "2004.09.21"]

1. e4 c5 2. Nf3 d6 3. d4 cxd4 4. Nxd4 Nf6 5. Nc3 a6 6. f4 e5 7. Nf3 Nbd7 8. a4
Be7 9. Bd3 O-O 10. O-O Nc5 11. Kh1 exf4 12. Bxf4 Bg4 13. Qd2 Rc8 14. Be3 Nxd3
15. Qxd3 Be6 16. Rfd1 Qc7 17. h3 Qc4 18. Nd4 Rfe8 19. Nf5 Qxd3 20. Rxd3 d5 21.
Nxe7+ Rxe7 22. e5 Nd7 23. Bd4 Nc5 24. Bxc5 Rxc5 25. Rad1 h6 26. Rd4 Bf5 27.
Nxd5 Rxe5 28. c3 Be4 29. Nb6 Rc7 30. Rd8+ Kh7 31. Nd7 Bc2 32. Nxe5 1-0

[Event "4NCL/Div1/WGR1 vs. BAR1"]
[Site "Nottingham ENG"]
[Date "2005.01.23"]
[Round "6.6"]
[White "Devereaux, Maxim"]
[Black "Emms, John M"]
[Result "0-1"]
[WhiteElo "2331"]
[BlackElo "2505"]
[PlyCount "50"]
[EventDate "2005.01.23"]
[SourceDate "2004.09.21"]

1. d4 Nf6 2. c4 e6 3. Nc3 Bb4 4. Qc2 d5 5. cxd5 exd5 6. Bg5 c5 7. dxc5 h6 8.
Bh4 g5 9. Bg3 Ne4 10. e3 Qa5 11. Nge2 Bf5 12. Be5 O-O 13. Nd4 Nxc3 14. Nxf5
Ne4+ 15. Kd1 Nc6 16. Bd4 Nxd4 17. exd4 Be1 18. Nxh6+ Kh8 19. Kc1 Rac8 20. Kb1
Bxf2 21. Bd3 Bxd4 22. Bxe4 dxe4 23. h4 Rxc5 24. Qxe4 Qd2 25. Nxf7+ Kg7 0-1

[Event "4NCL/Div1/WGR1 vs. BAR1"]
[Site "Nottingham ENG"]
[Date "2005.01.23"]
[Round "6.7"]
[White "Ward, Christopher"]
[Black "Palliser, Richard"]
[Result "1/2-1/2"]
[WhiteElo "2485"]
[BlackElo "2402"]
[PlyCount "66"]
[EventDate "2005.01.23"]
[SourceDate "2004.09.21"]

1. d4 Nf6 2. Bg5 Ne4 3. Bh4 c5 4. f3 Qa5+ 5. c3 g5 6. fxe4 gxh4 7. e3 Qb6 8.
Qc2 Bh6 9. Nd2 Bxe3 10. d5 Qh6 11. Ngf3 d6 12. O-O-O Bg4 13. Kb1 Bxd2 14. Rxd2
Nd7 15. Bb5 O-O-O 16. Bxd7+ Bxd7 17. Rf1 Kb8 18. b3 Rhg8 19. Kb2 f6 20. Rdf2
Rg6 21. Qd3 Rdg8 22. Ne1 Rg4 23. a4 R8g5 24. Qe3 Qg6 25. Rf4 Re5 26. Rxg4 Qxg4
27. Rf4 Qd1 28. Nf3 c4 29. bxc4 Bxa4 30. Nxe5 Qb3+ 31. Ka1 Qa3+ 32. Kb1 Qb3+
33. Ka1 Qa3+ 1/2-1/2

[Event "4NCL/Div1/WGR1 vs. BAR1"]
[Site "Nottingham ENG"]
[Date "2005.01.23"]
[Round "6.8"]
[White "Lauterbach, Ingrid"]
[Black "Martin, Andrew D"]
[Result "0-1"]
[WhiteElo "2182"]
[BlackElo "2433"]
[PlyCount "74"]
[EventDate "2005.01.23"]
[SourceDate "2004.09.21"]

1. Nf3 d5 2. d4 Nf6 3. Bf4 g6 4. e3 Bg7 5. Be2 O-O 6. h3 c5 7. O-O Nc6 8. c3
Nd7 9. Nbd2 b6 10. Qb3 Bb7 11. dxc5 Nxc5 12. Qc2 e5 13. Bh2 Qe7 14. b4 Nd7 15.
Rad1 a5 16. b5 Nd8 17. c4 Rc8 18. Qb1 d4 19. exd4 exd4 20. Bd3 Ne6 21. Be4 Ndc5
22. Bxb7 Qxb7 23. Nb3 Na4 24. Rc1 Nc3 25. Qd3 Nxa2 26. Rce1 Nb4 27. Qe2 d3 28.
Qe4 Qxe4 29. Rxe4 Rfd8 30. Rd1 a4 31. Nbd2 Nc5 32. Re7 Rd7 33. Rde1 Rxe7 34.
Rxe7 a3 35. Ra7 a2 36. Be5 Bxe5 37. Nxe5 Nba6 0-1

[Event "4NCL/Div1/RICA vs. WES1"]
[Site "Nottingham ENG"]
[Date "2005.01.23"]
[Round "6.1"]
[White "Van der Griendt, Jan W"]
[Black "Upton, Ian J"]
[Result "1/2-1/2"]
[WhiteElo "2373"]
[BlackElo "2242"]
[PlyCount "76"]
[EventDate "2005.01.23"]
[SourceDate "2004.09.21"]

1. d4 f5 2. c4 Nf6 3. g3 e6 4. Bg2 Be7 5. Nf3 O-O 6. O-O d5 7. b3 Nc6 8. Bb2
Bd7 9. Ne5 Be8 10. Nd2 Nxe5 11. dxe5 Ne4 12. Nf3 dxc4 13. Qc2 cxb3 14. axb3 c5
15. Ne1 Qb6 16. Nd3 Rc8 17. Bc1 a6 18. Be3 Qb5 19. Nb2 Qc6 20. f3 Nf6 21. exf6
Bxf6 22. Rac1 b6 23. f4 Qc7 24. b4 Bb5 25. bxc5 bxc5 26. Na4 c4 27. Rfd1 Qa5
28. Nc3 Rfd8 29. Rxd8+ Rxd8 30. Kf2 Qb4 31. Bf3 Qb3 32. Nxb5 axb5 33. Qxb3 cxb3
34. Rb1 b2 35. Bc5 Rc8 36. Be3 Rc3 37. Rxb2 Rxe3 38. Rxb5 Rc3 1/2-1/2

[Event "4NCL/Div1/RICA vs. WES1"]
[Site "Nottingham ENG"]
[Date "2005.01.23"]
[Round "6.2"]
[White "Corkett, Anthony R"]
[Black "Hinks-Edwards, Thomas"]
[Result "1/2-1/2"]
[WhiteElo "2321"]
[BlackElo "2383"]
[PlyCount "95"]
[EventDate "2005.01.23"]
[SourceDate "2004.09.21"]

1. c4 Nf6 2. g3 c6 3. Bg2 d5 4. Nf3 Bf5 5. O-O e6 6. d3 h6 7. b3 Nbd7 8. Bb2
Be7 9. Nc3 O-O 10. Rc1 Bh7 11. d4 Ne4 12. cxd5 exd5 13. Nxe4 Bxe4 14. Ne5 Bxg2
15. Kxg2 Bd6 16. Nxd7 Qxd7 17. Qd3 Rae8 18. Rce1 f5 19. e3 Rf6 20. Bc3 Qe7 21.
f3 g6 22. Rf2 Kg7 23. Rfe2 Re6 24. Qc2 Kh7 25. Kf2 Qf6 26. Kg2 Rf8 27. Qd3 h5
28. Rh1 h4 29. Be1 Qg5 30. f4 Qh5 31. Rf1 Be7 32. gxh4 Bxh4 33. Bxh4 Qxh4 34.
Rf3 Kg7 35. Rh3 Qd8 36. Rf2 Rh8 37. Rff3 Rxh3 38. Rxh3 Qe7 39. Kf2 Qa3 40. Qb1
a5 41. Rg3 Rf6 {(=)} 42. h4 Kf7 43. Rg5 Ke6 44. h5 gxh5 45. Rxh5 Rf7 46. Kf3
Qf8 47. Qh1 Qe7 48. Kf2 1/2-1/2

[Event "4NCL/Div1/RICA vs. WES1"]
[Site "Nottingham ENG"]
[Date "2005.01.23"]
[Round "6.3"]
[White "Bates, Richard A"]
[Black "Webb, Richard M"]
[Result "1-0"]
[WhiteElo "2377"]
[BlackElo "2313"]
[PlyCount "55"]
[EventDate "2005.01.23"]
[SourceDate "2004.09.21"]

1. d4 Nf6 2. Nf3 g6 3. g3 d5 4. Bg2 Bg7 5. O-O O-O 6. c4 dxc4 7. Na3 Nc6 8.
Nxc4 Be6 9. b3 Bd5 10. Bb2 a5 11. Rc1 h6 12. a3 Qc8 13. e3 Qe6 14. Qe2 Rfd8 15.
Rfd1 g5 16. h3 Ne8 17. Qf1 f5 18. Ne1 Nf6 19. Bxd5 Qxd5 20. Qg2 Ne4 21. Nd3 Qb5
22. f3 Nd6 23. Nc5 Na7 24. a4 Qe8 25. Ne6 Rdc8 26. d5 Bf6 27. Nxd6 cxd6 28. Nc7
1-0

[Event "4NCL/Div1/RICA vs. WES1"]
[Site "Nottingham ENG"]
[Date "2005.01.23"]
[Round "6.4"]
[White "Yeo, Michael J"]
[Black "Wall, Gavin"]
[Result "0-1"]
[WhiteElo "2222"]
[BlackElo "2368"]
[PlyCount "78"]
[EventDate "2005.01.23"]
[SourceDate "2004.09.21"]

1. e4 e5 2. Bc4 Nf6 3. d4 exd4 4. Nf3 d6 5. Ng5 d5 6. exd5 Bb4+ 7. c3 Qe7+ 8.
Qe2 Qxe2+ 9. Kxe2 dxc3 10. bxc3 Bd6 11. Ba3 Nbd7 12. Bxd6 cxd6 13. Na3 Nb6 14.
Bb5+ Ke7 15. Rhe1 Nbxd5 16. Kf1+ Be6 17. Bc4 Rac8 18. Rad1 Rc5 19. Bxd5 Rxd5
20. Rxd5 Nxd5 21. Nb5 h6 22. Nxe6 fxe6 23. Nd4 Nc7 24. Nf5+ Kd7 25. Nxg7 h5 26.
Re3 Rh7 27. Rg3 Ke7 28. Nxh5 Rxh5 29. Rg7+ Kd8 30. Kg1 b5 31. g4 Rh3 32. g5 e5
33. g6 Rh6 34. Rg8+ Ne8 35. Kg2 Ke7 36. Kg3 Nf6 37. Rg7+ Ke6 38. Rxa7 Rxg6+ 39.
Kf3 Nd5 0-1

[Event "4NCL/Div1/RICA vs. WES1"]
[Site "Nottingham ENG"]
[Date "2005.01.23"]
[Round "6.5"]
[White "Webb, Laurence E"]
[Black "Evans-Quek, Suan-Shiau"]
[Result "1-0"]
[WhiteElo "2336"]
[BlackElo "2295"]
[PlyCount "78"]
[EventDate "2005.01.23"]
[SourceDate "2004.09.21"]

1. e4 d6 2. d4 Nf6 3. Nc3 g6 4. Nf3 Bg7 5. Be3 O-O 6. Qd2 Nc6 7. h3 a6 8. O-O-O
b5 9. e5 dxe5 10. dxe5 Qxd2+ 11. Rxd2 b4 12. Nd5 Nxd5 13. Rxd5 Nd8 14. Bc4 Nb7
15. Rd2 a5 16. Rhd1 a4 17. Kb1 Na5 18. Be2 b3 19. g4 Bb7 20. Bc5 bxc2+ 21. Kxc2
Rfe8 22. Rd7 Be4+ 23. Kc1 Nc6 24. Ng5 Bh6 25. Be3 Bxg5 26. Bxg5 Nxe5 27. Rxe7
Kg7 28. Rxe8 Rxe8 29. Be3 Bc6 30. Bd4 f6 31. Bc3 h6 32. f4 Nf7 33. Bc4 g5 34.
Rf1 gxf4 35. Rxf4 Ne5 36. Be2 Bg2 37. h4 Kg6 38. Rxa4 Bc6 39. Rf4 Nd7 1-0

[Event "4NCL/Div1/RICA vs. WES1"]
[Site "Nottingham ENG"]
[Date "2005.01.23"]
[Round "6.6"]
[White "Allicock, Rawle A"]
[Black "Nixon, Thomas C M"]
[Result "1-0"]
[WhiteElo "2292"]
[BlackElo "2195"]
[PlyCount "111"]
[EventDate "2005.01.23"]
[SourceDate "2004.09.21"]

1. e4 e5 2. Nf3 Nc6 3. Bb5 a6 4. Ba4 Nf6 5. O-O Be7 6. Nc3 b5 7. Bb3 d6 8. a4
Bg4 9. axb5 Nd4 10. bxa6 Qc8 11. Ba4+ Kf8 12. Bb5 Bxf3 13. gxf3 Nh5 14. Be2 Nf4
15. d3 Nfxe2+ 16. Nxe2 Nxf3+ 17. Kg2 Nh4+ 18. Kg3 Qe6 19. Ng1 h5 20. f3 d5 21.
Be3 d4 22. Bd2 Qg6+ 23. Kf2 Nf5 24. Nh3 Bh4+ 25. Ke2 Qg2+ 26. Nf2 Nh6 27. c4 g5
28. Qc1 Kg7 29. Bxg5 Bxg5 30. Rg1 Bxc1 31. Rxg2+ Kf6 32. Rxc1 Rhb8 33. Rb1 Rxa6
34. h4 Ra2 35. Nd1 Rg8 36. Kf1 Rxg2 37. Kxg2 Ng8 38. Kg3 Ne7 39. Nf2 Ng6 40.
Nh3 Ra4 41. f4 Rb4 42. f5 Nf8 43. Kf3 Nd7 44. Ke2 Nc5 45. Nf2 Ke7 46. Kd2 Kd6
47. Kc2 Na4 48. Nh3 Ke7 49. Ng5 Kf6 50. Nf3 Rb8 51. b3 Nc5 52. b4 Na6 53. b5
Nc5 54. Ra1 Rg8 55. Ng5 Kg7 56. Rg1 1-0

[Event "4NCL/Div1/RICA vs. WES1"]
[Site "Nottingham ENG"]
[Date "2005.01.23"]
[Round "6.7"]
[White "Simmons, Matthew"]
[Black "Simons, Martin J"]
[Result "1/2-1/2"]
[WhiteElo "2065"]
[BlackElo "2293"]
[PlyCount "50"]
[EventDate "2005.01.23"]
[SourceDate "2004.09.21"]

1. e4 Nc6 2. d4 d5 3. Nc3 dxe4 4. d5 Ne5 5. Qd4 Ng6 6. Nxe4 e5 7. Qa4+ Bd7 8.
Bb5 a6 9. Bxd7+ Qxd7 10. Qxd7+ Kxd7 11. Be3 Rd8 12. O-O-O Kc8 13. Ne2 f5 14.
Ng5 Rd7 15. c4 b6 16. Bd2 Nf6 17. f3 b5 18. b3 h6 19. Ne6 Ba3+ 20. Kc2 Nf8 21.
Ng3 f4 22. Nxf8 Rxf8 23. Ne2 Re7 24. Nc3 Kb7 25. Rhe1 Bd6 1/2-1/2

[Event "4NCL/Div1/GUI2 vs. BET"]
[Site "Nottingham ENG"]
[Date "2005.01.23"]
[Round "6.1"]
[White "Shaw, John K"]
[Black "Johannessen, Leif E"]
[Result "1-0"]
[WhiteElo "2445"]
[BlackElo "2516"]
[PlyCount "61"]
[EventDate "2005.01.23"]
[SourceDate "2004.09.21"]

1. e4 c6 2. d4 d5 3. Nc3 dxe4 4. Nxe4 Bf5 5. Ng3 Bg6 6. h4 h6 7. Nf3 Nd7 8. h5
Bh7 9. Bd3 Bxd3 10. Qxd3 e6 11. Bf4 Qa5+ 12. Bd2 Qc7 13. O-O-O O-O-O 14. Ne4
Ngf6 15. g3 Nxe4 16. Qxe4 Bd6 17. c4 c5 18. d5 Nf6 19. Qc2 exd5 20. cxd5 Qd7
21. Bc3 Rhe8 22. Bxf6 gxf6 23. Kb1 Qg4 24. Nd4 Re5 25. Nb5 Kb8 26. f4 Rxh5 27.
Rhe1 Qf5 28. Qxf5 Rxf5 29. Re8 Bc7 30. d6 Ba5 31. d7 1-0

[Event "4NCL/Div1/GUI2 vs. BET"]
[Site "Nottingham ENG"]
[Date "2005.01.23"]
[Round "6.2"]
[White "Williams, Simon K"]
[Black "Buckley, Graeme"]
[Result "1-0"]
[WhiteElo "2487"]
[BlackElo "2417"]
[PlyCount "147"]
[EventDate "2005.01.23"]
[SourceDate "2004.09.21"]

1. d4 Nf6 2. c4 g6 3. Nc3 Bg7 4. e4 d6 5. Be2 O-O 6. g4 c5 7. d5 e6 8. Bg5 exd5
9. exd5 Re8 10. f3 Nbd7 11. Qd2 a6 12. a4 Ne5 13. Kf1 h6 14. Bxh6 Bxh6 15. Qxh6
Bxg4 16. fxg4 Nxc4 17. Bxc4 Nxg4 18. Qf4 Qh4 19. Nge2 Ne3+ 20. Kg1 Qxf4 21.
Nxf4 Nxc4 22. Kf2 Nxb2 23. Rab1 Nc4 24. Rxb7 Re3 25. Nfe2 Rae8 26. Rc1 Rh3 27.
Kg2 Rh4 28. Ng3 Kg7 29. Kh1 Re3 30. Nce2 Ne5 31. Rc3 Nf3 32. Nf1 Rxc3 33. Nxc3
Rc4 34. Rb3 f5 35. Kg2 Nd4 36. Nd2 Rb4 37. Rb1 Kf6 38. Kf2 g5 39. Ke3 Rxb1 40.
Ndxb1 f4+ 41. Ke4 f3 42. Nd2 g4 43. Nd1 Kg5 44. Nc4 Ne2 45. a5 f2 46. Nxf2 Nc3+
47. Kd3 Nxd5 48. Nxd6 Nb4+ 49. Ke4 Nc6 50. Nc4 Nd4 51. Kd5 Nb3 52. Ke4 Nd4 53.
Nd3 Nb3 54. Nde5 Nd4 55. Nd2 Ne6 56. Nb3 c4 57. Nxc4 Nd8 58. Ne3 Kh4 59. Kf4
Ne6+ 60. Kf5 Nd8 61. Nxg4 Kh3 62. Kf4 Ne6+ 63. Ke5 Nd8 64. Kf5 Nc6 65. Kg5 Nd8
66. Nd4 Nf7+ 67. Kh5 Nd6 68. Ne6 Kg2 69. h4 Kg3 70. Nc5 Kf4 71. Nh6 Ke5 72. Kg6
Kd5 73. Nxa6 Nc4 74. Nb4+ 1-0

[Event "4NCL/Div1/GUI2 vs. BET"]
[Site "Nottingham ENG"]
[Date "2005.01.23"]
[Round "6.3"]
[White "Povah, Nigel E"]
[Black "Ansell, Simon"]
[Result "1-0"]
[WhiteElo "2377"]
[BlackElo "2408"]
[PlyCount "87"]
[EventDate "2005.01.23"]
[SourceDate "2004.09.21"]

1. d4 Nf6 2. Bg5 e6 3. e4 c5 4. e5 h6 5. Bc1 Nd5 6. c4 Nb6 7. dxc5 Bxc5 8. Qg4
Bf8 9. Nc3 d6 10. exd6 Qxd6 11. Be3 N6d7 12. c5 Nxc5 13. Rd1 Qe5 14. Nf3 Qf5
15. Qc4 Nc6 16. Nd4 Qe5 17. Nf3 Qf5 18. Nb5 Na6 19. a3 e5 20. Bd3 Qe6 21. Qa4
Be7 22. Qxa6 bxa6 23. Nc7+ Kf8 24. Nxe6+ Bxe6 25. Bxa6 Rb8 26. b4 Bg4 27. Rc1
Bxf3 28. gxf3 Nd4 29. Bxd4 exd4 30. Rc7 Ra8 31. Kd2 h5 32. Re1 Bg5+ 33. Kd3 Rh6
34. Bc4 Rf6 35. Bd5 Bf4 36. Rd7 Re8 37. Rxe8+ Kxe8 38. Rxa7 Bxh2 39. b5 Bf4 40.
Bc6+ Kd8 41. a4 h4 42. Rd7+ Kc8 43. a5 h3 44. a6 1-0

[Event "4NCL/Div1/GUI2 vs. BET"]
[Site "Nottingham ENG"]
[Date "2005.01.23"]
[Round "6.4"]
[White "Hunt, Adam C"]
[Black "Howell, David W L"]
[Result "0-1"]
[WhiteElo "2434"]
[BlackElo "2348"]
[PlyCount "110"]
[EventDate "2005.01.23"]
[SourceDate "2004.09.21"]

1. e4 e5 2. Nf3 Nc6 3. Bb5 Nf6 4. d3 Bc5 5. O-O Nd4 6. Nxd4 Bxd4 7. c3 Bb6 8.
Nd2 c6 9. Ba4 O-O 10. Nf3 d6 11. h3 h6 12. Re1 Nh7 13. d4 Qf6 14. Be3 Rd8 15.
d5 cxd5 16. exd5 Ng5 17. Nxg5 hxg5 18. Bxb6 axb6 19. Bb5 g6 20. Bf1 Kg7 21. Re4
Rh8 22. Rb4 Bd7 23. f3 b5 24. Bxb5 Bxh3 25. gxh3 Rxh3 26. Bf1 Rxf3 27. Bg2 Rf4
28. Rxb7 Rh8 29. Rb4 Rxb4 30. cxb4 Qf4 31. Qf3 Qxb4 32. Rf1 f5 33. Qf2 g4 34.
a3 Qb3 35. Re1 f4 36. Qa7+ Kf6 37. Qa6 Ke7 38. Qa7+ Kf6 39. Qa6 Qb8 40. Re4 Kg5
41. Rb4 Qf8 42. Qa7 Qc8 43. Qf2 g3 44. Qd2 Qc5+ 45. Kf1 Rc8 46. Re4 Qb6 47. Re1
Qb5+ 48. Kg1 Qb3 49. Be4 Rc4 50. Qa5 Kg4 51. Qd2 Rd4 52. Qc1 Rxe4 53. Rxe4 Qb6+
54. Kh1 Qf2 55. Qg1 Kh3 0-1